[Event "ALG-ch"]
[Site "Tichy"]
[Date "2022.10.18"]
[Round "1"]
[White "Hallal, Tarik"]
[Black "Ouaret, Abdelouhab"]
[Result "1-0"]
[WhiteElo "1764"]
[BlackElo "2087"]
[PlyCount "141"]
[EventDate "2022.10.18"]
[EventType "swiss"]
[EventRounds "9"]
[EventCountry "ALG"]
[SourceTitle "EXT 2024"]
[Source "ChessBase"]
[SourceDate "2023.10.10"]
[SourceVersion "1"]
[SourceVersionDate "2023.10.10"]
[SourceQuality "1"]

1. e4 e5 2. Nf3 Nc6 3. Bc4 Bc5 4. c3 Nf6 5. d3 d6 6. Bb3 a6 7. Bg5 h6 8. Bh4 g5 9. Bg3 Ba7 10. Nbd2 Be6 11. Bxe6 fxe6 12. Qe2 Qe7 13. 0-0-0 Qf7 14. Kb1 Nh5 15. h4 g4 16. Ne1 Rg8 17. Nc2 Nxg3 18. fxg3 Qf2 19. Qxf2 Bxf2 20. Nf1 h5 21. d4 Rf8 22. Rd3 exd4 23. cxd4 e5 24. d5 Nd4 25. Nxd4 Bxd4 26. Kc2 Ke7 27. Rd2 Rf6 28. Kd3 c5 29. dxc6 bxc6 30. Ne3 Bxe3 31. Kxe3 Rb8 32. Rc1 Kd7 33. b3 Rb4 34. Rc3 Kc7 35. a3 Rb8 36. Rdc2 Rb6 37. b4 Kd7 38. Rd3 Rb8 39. Rdc3 Rc8 40. Rc1 Rff8 41. Ke2 Rc7 42. Rd3 Ke6 43. Rcd1 Rd8 44. Rc1 Rcc8 45. Rdc3 Kd7 46. Kd3 Rf8 47. R3c2 Rf6 48. Kc4 Rcf8 49. Kb3 Rf2 50. Rxc6 Rxg2 51. Rxa6 Rxg3+ 52. Ka4 Rd3 53. Ra7+ Ke6 54. b5 Rff3 55. Ra1 d5 56. b6 Rd4+ 57. Ka5 Kd6 58. a4 Rb3 59. Ka6 g3 60. Rg7 Rc4 61. a5 Rcb4 62. Ka7 d4 63. b7 d3 64. Rg6+ Kc5 65. Rb6 Rxb6 66. axb6 g2 67. b8Q Ra3+ 68. Rxa3 g1Q 69. Qc7+ Kd4 70. Qc3+ Kxe4 71. Qxd3+ 1-0

[Event "Online Olym Div2 D"]
[Site "Chess.com INT"]
[Date "2021.09.02"]
[Round "1.4"]
[White "Martinez Reyes, Pedro Ramon"]
[Black "Ouaret, Abdelouhab"]
[Result "1-0"]
[WhiteElo "2404"]
[BlackElo "2085"]
[PlyCount "47"]
[EventDate "2021.09.02"]
[EventType "team (rapid)"]
[EventRounds "9"]
[EventCountry "USA"]
[SourceTitle "CBM 204 Extra"]
[Source "ChessBase"]
[SourceDate "2021.11.30"]
[SourceVersion "1"]
[SourceVersionDate "2021.11.30"]
[SourceQuality "1"]
[WhiteTeam "Venezuela"]
[BlackTeam "Algeria"]
[WhiteTeamCountry "VEN"]
[BlackTeamCountry "ALG"]

1. e4 e5 2. Nf3 Nc6 3. Bb5 a6 4. Ba4 Nf6 5. Bxc6 dxc6 6. d3 Bd6 7. Nbd2 Be6 8. b3 0-0 9. Bb2 Nd7 10. 0-0 f6 11. Nh4 Nb6 12. Qf3 Qd7 13. Nf5 Bxf5 14. exf5 Nd5 15. Ne4 Qf7 16. a3 g6 17. g3 Kg7 18. c4 gxf5 19. Nxd6 cxd6 20. cxd5 cxd5 21. Qxf5 h5 22. Rac1 h4 23. Qg4+ Kh8 24. Qxh4+ 1-0

[Event "ALG-ch"]
[Site "Tiaret"]
[Date "2019.08.05"]
[Round "8"]
[White "Ouaret, Abdelouhab"]
[Black "Idjeri, Yanis"]
[Result "1/2-1/2"]
[WhiteElo "2072"]
[BlackElo "1877"]
[PlyCount "83"]
[EventDate "2019.08.01"]
[EventType "swiss"]
[EventRounds "9"]
[EventCountry "ALG"]
[SourceTitle "EXT 2020"]
[Source "ChessBase"]
[SourceDate "2019.10.17"]
[SourceVersion "1"]
[SourceVersionDate "2019.10.17"]
[SourceQuality "1"]

1. Nf3 Nf6 2. c4 g6 3. g3 Bg7 4. Bg2 0-0 5. 0-0 Nc6 6. d4 d6 7. Nc3 a6 8. e4 Bg4 9. h3 Bxf3 10. Bxf3 Nd7 11. Be3 e5 12. d5 Nd4 13. Rb1 Nxf3+ 14. Qxf3 f5 15. Ne2 a5 16. a3 a4 17. Qg2 Qe7 18. f3 b6 19. Kh2 f4 20. Bf2 fxg3+ 21. Qxg3 Bh6 22. Kg2 Nf6 23. Qh4 Qg7 24. Bg1 Nh5 25. Bh2 Bf4 26. Bxf4 Nxf4+ 27. Nxf4 Rxf4 28. Qg5 h6 29. Qg3 g5 30. Kf2 Raf8 31. Ke2 Qd7 32. Rf2 Rh4 33. Rh1 b5 34. c5 b4 35. c6 Qc8 36. axb4 Qa6+ 37. Ke1 Qd3 38. Rg1 Qb1+ 39. Ke2 Qxb2+ 40. Kf1 Qxb4 41. Qxh4 Qb1+ 42. Ke2 1/2-1/2

[Event "ALG-ch"]
[Site "Tiaret"]
[Date "2019.08.02"]
[Round "3"]
[White "Brahami, Lamine"]
[Black "Ouaret, Abdelouhab"]
[Result "1-0"]
[WhiteElo "2153"]
[BlackElo "2072"]
[PlyCount "101"]
[EventDate "2019.08.01"]
[EventType "swiss"]
[EventRounds "9"]
[EventCountry "ALG"]
[SourceTitle "EXT 2020"]
[Source "ChessBase"]
[SourceDate "2019.10.17"]
[SourceVersion "1"]
[SourceVersionDate "2019.10.17"]
[SourceQuality "1"]

1. d4 d5 2. c4 c6 3. Nc3 Nf6 4. Nf3 e6 5. Bg5 Nbd7 6. e3 Qa5 7. cxd5 exd5 8. Bd3 Bb4 9. Qc2 0-0 10. 0-0 h6 11. Bf4 Re8 12. h3 c5 13. Ne2 c4 14. Bf5 Qa6 15. Ng3 Bd6 16. Rfe1 Nf8 17. Bxd6 Qxd6 18. Ne5 Bxf5 19. Nxf5 Qe6 20. f3 N8d7 21. Nxd7 Qxd7 22. Rad1 Qc6 23. Qf2 b5 24. Qg3 Nh5 25. Qh4 Nf6 26. e4 dxe4 27. fxe4 Rxe4 28. Ne7+ Kh7 29. Nxc6 Rxh4 30. d5 c3 31. bxc3 Rc4 32. Ne5 Re4 33. Rxe4 Nxe4 34. d6 Rd8 35. d7 Nf6 36. Kf2 Kg8 37. Ke3 Kf8 38. Rd4 a6 39. Kd3 g5 40. Kc2 a5 41. Kb3 h5 42. a4 bxa4+ 43. Kxa4 g4 44. c4 g3 45. c5 Nxd7 46. Rxd7 Rxd7 47. Nxd7+ Ke7 48. Nb6 f5 49. Kxa5 f4 50. Nd5+ Kd7 51. Nxf4 1-0

[Event "Oran zt 4.1"]
[Site "Oran"]
[Date "2019.04.30"]
[Round "8"]
[White "Ouaret, Abdelouhab"]
[Black "Fellah, Mohamed Amine"]
[Result "1/2-1/2"]
[WhiteElo "2059"]
[BlackElo "2088"]
[PlyCount "66"]
[EventDate "2019.04.25"]
[EventType "tourn"]
[EventRounds "9"]
[EventCountry "ALG"]
[SourceTitle "CBM 190 Extra"]
[Source "ChessBase"]
[SourceDate "2019.07.15"]
[SourceVersion "1"]
[SourceVersionDate "2019.07.15"]
[SourceQuality "1"]

1. Nf3 c5 2. c4 Nf6 3. g3 b6 4. Bg2 Bb7 5. 0-0 g6 6. Nc3 Bg7 7. b3 0-0 8. Bb2 e6 9. d4 Qe7 10. e3 d6 11. Qe2 Rd8 12. Rfd1 Nbd7 13. d5 exd5 14. Ne1 Rab8 15. Nxd5 Nxd5 16. Bxd5 Bxd5 17. Rxd5 Bxb2 18. Qxb2 Nf6 19. Rd3 d5 20. cxd5 Nxd5 21. Rad1 Nb4 22. R3d2 Nc6 23. Nf3 Rxd2 24. Rxd2 b5 25. Qc3 Rd8 26. Rxd8+ Nxd8 27. Qd3 a6 28. Qd5 Qc7 29. Ne5 Ne6 30. f4 Kg7 31. Kg2 a5 32. Kf3 a4 33. bxa4 bxa4 1/2-1/2

[Event "Oran zt 4.1"]
[Site "Oran"]
[Date "2019.04.29"]
[Round "6"]
[White "Ouaret, Abdelouhab"]
[Black "Saim, Mohamed Ilias"]
[Result "0-1"]
[WhiteElo "2059"]
[BlackElo "2166"]
[PlyCount "77"]
[EventDate "2019.04.25"]
[EventType "tourn"]
[EventRounds "9"]
[EventCountry "ALG"]
[SourceTitle "CBM 190 Extra"]
[Source "ChessBase"]
[SourceDate "2019.07.15"]
[SourceVersion "1"]
[SourceVersionDate "2019.07.15"]
[SourceQuality "1"]

1. Nf3 Nf6 2. c4 g6 3. g3 Bg7 4. Bg2 0-0 5. d4 d6 6. 0-0 Nbd7 7. Nc3 e5 8. e4 Re8 9. Re1 exd4 10. Nxd4 a6 11. h3 Ne5 12. b3 c5 13. Nde2 Rb8 14. Bb2 b5 15. cxb5 axb5 16. f4 Ned7 17. Qxd6 b4 18. Na4 c4 19. Bxf6 Bxf6 20. Rad1 Qa5 21. Kh2 c3 22. e5 Be7 23. Qc6 Qa7 24. e6 Nf6 25. exf7+ Kxf7 26. Nd4 Bd7 27. Qc4+ Kg7 28. Ne6+ Bxe6 29. Rxe6 Rbc8 30. Rc6 Rcd8 31. Rc7 Qxc7 32. Qxc7 Rxd1 33. Nc5 Rd2 34. g4 h6 35. a3 Kh8 36. axb4 Bd6 37. Qf7 Bxf4+ 38. Kg1 Re1+ 39. Bf1 0-1

[Event "ALG Cup"]
[Site "El Harrach"]
[Date "2019.01.05"]
[Round "6"]
[White "Cherifi, Razik"]
[Black "Ouaret, Abdelouhab"]
[Result "1/2-1/2"]
[WhiteElo "1926"]
[BlackElo "2121"]
[PlyCount "71"]
[EventDate "2018.11.23"]
[EventType "swiss"]
[EventRounds "14"]
[EventCountry "ALG"]
[SourceTitle "CBM 189 Extra"]
[Source "ChessBase"]
[SourceDate "2019.06.03"]
[SourceVersion "1"]
[SourceVersionDate "2019.06.03"]
[SourceQuality "1"]

1. d4 Nf6 2. Nf3 e6 3. Bf4 c5 4. c3 Nc6 5. e3 d5 6. Nbd2 Bd6 7. Bb5 Bxf4 8. exf4 cxd4 9. Nxd4 Bd7 10. Bxc6 bxc6 11. 0-0 0-0 12. Qe2 Qb6 13. Rfb1 c5 14. N4f3 Bb5 15. c4 dxc4 16. Nxc4 Bxc4 17. Qxc4 Qb4 18. Rc1 Rfc8 19. b3 Nd5 20. f5 Qxc4 21. Rxc4 Nb6 22. Rc2 exf5 23. Rac1 c4 24. bxc4 Rc5 25. g3 Rac8 26. Nd2 g6 27. a4 a5 28. Rb1 R8c6 29. f4 Kf8 30. Rbc1 Rc8 31. Kf2 Ke7 32. Rb1 Nxc4 33. Nb3 R5c7 34. Rbc1 Kd7 35. Rd1+ Ke7 36. Rdc1 1/2-1/2

[Event "Hradec Kralove op 9th"]
[Site "Hradec Kralove"]
[Date "2018.10.03"]
[Round "5"]
[White "Bartos, Jan"]
[Black "Ouaret, Abdelouhab"]
[Result "1/2-1/2"]
[WhiteElo "2217"]
[BlackElo "2094"]
[PlyCount "36"]
[EventDate "2018.09.30"]
[EventType "swiss"]
[EventRounds "9"]
[EventCountry "CZE"]
[SourceTitle "CBM 186 Extra"]
[Source "ChessBase"]
[SourceDate "2018.08.24"]
[SourceVersion "1"]
[SourceVersionDate "2018.08.24"]
[SourceQuality "1"]

1. d4 d5 2. c4 c6 3. Nf3 Nf6 4. e3 e6 5. Bd3 Be7 6. b3 Nbd7 7. 0-0 0-0 8. Nc3 b6 9. Bb2 Bb7 10. Qe2 Re8 11. Rac1 Rc8 12. Rfd1 Qc7 13. cxd5 exd5 14. Bf5 Rcd8 15. Bh3 Qb8 16. g3 Bd6 17. Qc2 Nf8 18. Qb1 Ng6 1/2-1/2

[Event "Hradec Kralove op 9th"]
[Site "Hradec Kralove"]
[Date "2018.10.02"]
[Round "4"]
[White "Ouaret, Abdelouhab"]
[Black "Seemann, Jakub"]
[Result "1-0"]
[WhiteElo "2094"]
[BlackElo "1789"]
[PlyCount "75"]
[EventDate "2018.09.30"]
[EventType "swiss"]
[EventRounds "9"]
[EventCountry "CZE"]
[SourceTitle "CBM 186 Extra"]
[Source "ChessBase"]
[SourceDate "2018.08.24"]
[SourceVersion "1"]
[SourceVersionDate "2018.08.24"]
[SourceQuality "1"]

1. Nf3 Nf6 2. g3 g6 3. Bg2 Bg7 4. c4 0-0 5. 0-0 Nc6 6. d4 d6 7. Nc3 Bg4 8. h3 Bxf3 9. Bxf3 Nd7 10. e3 e5 11. d5 Ne7 12. Bg2 f5 13. a3 Nf6 14. b4 g5 15. Qb3 Ng6 16. Bb2 Qd7 17. c5 Kh8 18. Rac1 f4 19. Qa4 Qf7 20. cxd6 cxd6 21. Ne4 Nxe4 22. Bxe4 Rg8 23. Qc2 Bh6 24. g4 Bf8 25. Qc7 Be7 26. Bf5 h5 27. Be6 Qh7 28. Bxg8 Rxg8 29. Qd7 Nh4 30. f3 fxe3 31. Qe6 Rf8 32. Rc7 e2 33. Bxe5+ dxe5 34. Qxe5+ Kg8 35. Qxe2 hxg4 36. Rxe7 gxf3 37. Qe6+ Rf7 38. Qc8+ 1-0

[Event "Hradec Kralove op 9th"]
[Site "Hradec Kralove"]
[Date "2018.10.02"]
[Round "3"]
[White "Plischki, Sebastian"]
[Black "Ouaret, Abdelouhab"]
[Result "1/2-1/2"]
[WhiteElo "2430"]
[BlackElo "2094"]
[PlyCount "118"]
[EventDate "2018.09.30"]
[EventType "swiss"]
[EventRounds "9"]
[EventCountry "CZE"]
[SourceTitle "CBM 186 Extra"]
[Source "ChessBase"]
[SourceDate "2018.08.24"]
[SourceVersion "1"]
[SourceVersionDate "2018.08.24"]
[SourceQuality "1"]

1. d4 d5 2. c4 c6 3. Nf3 Nf6 4. e3 e6 5. b3 Be7 6. Bd3 Nbd7 7. 0-0 0-0 8. Bb2 b6 9. Nc3 Bb7 10. Qe2 Re8 11. Rad1 Qc7 12. e4 dxe4 13. Nxe4 Nxe4 14. Qxe4 Nf8 15. Rfe1 Bf6 16. Ne5 Rad8 17. c5 Bxe5 18. Qxe5 Qxe5 19. Rxe5 Ng6 20. Ree1 Nf4 21. Bc4 Rd7 22. g3 Nd5 23. a3 Red8 24. f3 Ne7 25. b4 Nf5 26. Re4 Kf8 27. Kf2 b5 28. Bb3 Ra8 29. Bc3 Ne7 30. g4 Nd5 31. Be1 Rad8 32. Bxd5 exd5 33. Re2 Re8 34. Rxe8+ Kxe8 35. Bd2 f6 36. Bf4 Kf7 37. Bd6 Bc8 38. Ra1 a6 39. h4 Rb7 40. a4 bxa4 41. Rxa4 Rb5 42. h5 g6 43. hxg6+ hxg6 44. Kg3 g5 45. Kf2 Kg6 46. Ke3 Rb7 47. Rxa6 Re7+ 48. Bxe7 Bxa6 49. Kf2 Kf7 50. Bd6 Ke6 51. f4 gxf4 52. Kf3 Bd3 53. Kxf4 Be2 54. Bc7 Kd7 55. Bb6 Ke6 56. Bd8 Bd3 57. Ke3 Bb5 58. Kf4 Be2 59. Kg3 Kf7 1/2-1/2

[Event "ALG-chT"]
[Site "Oran"]
[Date "2017.09.21"]
[Round "6.3"]
[White "Hammadi, Djamel"]
[Black "Ouaret, Abdelouhab"]
[Result "0-1"]
[WhiteElo "2063"]
[BlackElo "2109"]
[PlyCount "72"]
[EventDate "2017.09.18"]
[EventType "team-swiss"]
[EventRounds "9"]
[EventCountry "ALG"]
[SourceTitle "CBM 180 Extra"]
[Source "ChessBase"]
[SourceDate "2017.10.06"]
[SourceVersion "1"]
[SourceVersionDate "2017.10.06"]
[SourceQuality "1"]
[WhiteTeam "El Himaya"]
[BlackTeam "BCE"]
[WhiteTeamCountry "ALG"]
[BlackTeamCountry "ALG"]

1. d4 d5 2. c4 c6 3. cxd5 cxd5 4. Nc3 Nc6 5. Bf4 e6 6. Nf3 Nf6 7. e3 Bd6 8. Bxd6 Qxd6 9. Bd3 0-0 10. 0-0 Rd8 11. Nb5 Qe7 12. Rc1 Bd7 13. a3 Rac8 14. Nc3 a6 15. Na4 Nxd4 16. Bxh7+ Nxh7 17. Qxd4 e5 18. Qxd5 Rxc1 19. Rxc1 Bxa4 20. Qxe5 Qxe5 21. Nxe5 Nf6 22. f3 Nd7 23. Nd3 Bb5 24. Nb4 Ne5 25. Rc7 Nd3 26. Nxd3 Rxd3 27. Rxb7 Rxe3 28. Kf2 Rb3 29. Kg3 a5 30. h4 a4 31. Rb8+ Kh7 32. Rb7 f6 33. Kf4 Rxb2 34. g4 Rb3 35. g5 fxg5+ 36. hxg5 Rxf3+ 0-1

[Event "Africa-ch U18"]
[Site "Port Elizabeth"]
[Date "2016.08.22"]
[Round "1"]
[White "Smith, David2222"]
[Black "Ouaret, Abdelouhab"]
[Result "0-1"]
[WhiteElo "1644"]
[BlackElo "2121"]
[PlyCount "60"]
[EventDate "2016.08.22"]
[EventType "swiss"]
[EventRounds "9"]
[EventCountry "RSA"]
[SourceTitle "CBM 174 Extra"]
[Source "ChessBase"]
[SourceDate "2016.10.10"]
[SourceVersion "1"]
[SourceVersionDate "2016.10.10"]
[SourceQuality "1"]

1. e4 e5 2. Nf3 Nc6 3. Bb5 a6 4. Ba4 Nf6 5. 0-0 b5 6. Bb3 Bc5 7. c3 d6 8. Re1 0-0 9. h3 Bb6 10. d4 Bb7 11. Bg5 h6 12. Bh4 Re8 13. dxe5 Nxe5 14. Nbd2 Nd3 15. Re2 Nf4 16. Re1 g5 17. Bg3 Nd3 18. Re2 Nh5 19. Bh2 Qf6 20. Qc2 Nhf4 21. Bxf4 Nxf4 22. Ree1 Re7 23. Qb1 Rae8 24. Bc2 Bc8 25. Rf1 g4 26. hxg4 Bxg4 27. Bd1 Qg6 28. Nh4 Qg5 29. Bxg4 Qxg4 30. g3 Qxg3+ 0-1

[Event "Pobeskydy op"]
[Site "Frydek Mistek"]
[Date "2016.03.26"]
[Round "6"]
[White "Vanicek, Michal"]
[Black "Ouaret, Abdelouhab"]
[Result "0-1"]
[WhiteElo "1838"]
[BlackElo "2061"]
[PlyCount "64"]
[EventDate "2016.03.24"]
[EventType "swiss"]
[EventRounds "9"]
[EventCountry "CZE"]
[SourceTitle "CBM 171 Extra"]
[Source "ChessBase"]
[SourceDate "2016.04.26"]
[SourceVersion "1"]
[SourceVersionDate "2016.04.26"]
[SourceQuality "1"]

1. e4 e5 2. Nf3 Nc6 3. Bb5 a6 4. Ba4 Nf6 5. 0-0 b5 6. Bb3 Bc5 7. c3 d6 8. Re1 0-0 9. h3 Bb6 10. d3 Ne7 11. Nbd2 Ng6 12. Nf1 Be6 13. Ng3 Qd7 14. d4 exd4 15. cxd4 Bxb3 16. Qxb3 c5 17. dxc5 dxc5 18. Bg5 c4 19. Qc2 Qe6 20. Rad1 Nd7 21. Qd2 Nde5 22. Nxe5 Nxe5 23. Kh1 Nf3 24. gxf3 Qxh3+ 25. Kg1 Qxg3+ 26. Kf1 Qxf3 27. Qf4 Qxf4 28. Bxf4 Rad8 29. Bd6 Rfe8 30. f4 Ba5 31. Re2 Bb4 32. e5 Bxd6 0-1